00560nam a2200193Ia 450000500170000000800410001702000150005808200130007310000210008624500320010726000470013930000190018665000160020565000140022165000120023594200060024795200980025399900150035120250306055938.0240331s9999 xx 000 0 und d a9558095056 bWICa954 aWickramasinghe,N 0aSri Lanka in the modern age aSri LankabVijitha Yapa Publicationsc2006 aXXIV, 360 p ., aColonialism aPolitical aCulture cL 001040708LaWERCLbWERCLcSSCd2024-03-31l0o 954.93 WICp6385r2024-03-31w2024-03-31yL c2524d2524